00438nam a2200169Ia 4500003000400000005001700004008004100021020001500062040000700077041000800084082002000092100001900112245006000131260004300191300002100234365001300255OSt20230609160934.0210423s2013 xx 000 0 und d a8121932025 cAL aeng a658.15 TULP223 aTULSIAN (P C). aTulsian''s financial management: a self study textbook. aNew DelhibS Chand & Company Ltdc2013 axviii,16.104bPB b525cINR